Österreichische Botanische Zeitschrift XL. Jahrgang

Bibliographic Details
Corporate Author: Carl Ueberreuter'sche Buchdruckerei & Schriftgiesserei M. Salzer (Viedeň, Rakúsko) (Printer)
Other Authors: Wettstein, Richard, 1863-1931 (Editor), Skofitz, Alexander (Editor)
Format: Serial
Language:German
PhysicalDescription:513 s. 15 drevorytov, 4 litografie 22 cm
Published: Wien Verlag von C. Gerold's Sohn 1858-1942
ISBN:(viaz.)
Subjects:

MARC

LEADER 00000nas a2200000 a 4500
001 vtls011581085
003 SK-MaSNL
005 20260228162345.0
008 251112s1890 au 000 0 ger
015 |a SNBHFA1890 
020 |a (viaz.) 
040 |a SNKHF  |b slo  |c SNK  |e AACR2 
041 0 |a ger 
044 |a au  |c AT 
072 7 |a 58  |x Botanika  |2 konspekt 
080 |a 581.91  |2 2011 
080 |a 581.9  |2 2011 
080 |a (051)  |2 2011 
130 0 |a Österreichische  |9 270850 
245 1 0 |a Österreichische Botanische Zeitschrift  |n XL. Jahrgang  |c Redigirt von Dr. Richard R. v. Wettstein Privat-Docent und Agjunkt An Der K. K. Universität in Wien ; Herausdgegeben con Dr. Alexander Skofitz 
246 3 8 |a Österreichische Botanische Zeitschrift  |n XL. 
260 |a Wien  |b Verlag von C. Gerold's Sohn  |c 1858-1942  |e Wien  |f C. Ueberreuter'sche Buchdruckerei (M. Salzer) 
300 |a 513 s.  |b 15 drevorytov, 4 litografie  |c 22 cm 
310 |a Neurčiteľná periodicita 
500 |a Reklamy v texte 
500 |a Vydavateľ tiež Springer 
500 |a Frontispice: portrét Palaský 
504 |a Poznámky pod textom 
561 |a Okrúhla pečiatka: Museálna Slovenská spoločnosť.  |5 SNK ČC 3417/40/1890 
650 0 7 |a flóra  |2 SNKPH  |9 85117 
650 0 7 |a botanika  |2 SNKPH  |9 688 
650 0 7 |a časopisy  |2 SNKPH  |9 1421 
700 1 |a Kmeť, Andrej,  |d 1841-1908,  |4 fmo  |9 191981 
700 1 |a Wettstein, Richard,  |d 1863-1931  |4 edt  |9 270859 
700 1 |a Skofitz, Alexander  |4 edt  |9 270851 
710 2 |a Carl Gerold & Sohn (Viedeň, Rakúsko),  |d 1843-  |4 pbl  |9 270852 
710 2 |a Carl Ueberreuter'sche Buchdruckerei & Schriftgiesserei M. Salzer (Viedeň, Rakúsko),  |d 1866-?  |4 prt  |9 270853 
752 |a Rakúsko  |d Viedeň 
852 |a snk  |b Historické fondy  |p ČC 3417/40/1890 
999 |c 7680  |d 9610 
952 |0 0  |1 0  |4 0  |7 0  |8 5  |a SNK  |b SNK  |c SNK_HF  |d 2016-09-22  |i snkF 3471/1987  |l 0  |o snkČC 3417/40/1890  |p 17A1129014  |r 2026-02-21 22:35:25  |t Kme X/810/i  |w 2026-02-21  |y PREZ